| 000 | 00822nam a22002057a 4500 | ||
|---|---|---|---|
| 999 |
_c274156 _d274156 |
||
| 008 | 201130b ||||| |||| 00| 0 eng d | ||
| 040 |
_bger _cDE-2950 _erda _aDE-2950 |
||
| 041 | _ager | ||
| 100 | _aWaldmann, Nancy: | ||
| 245 |
_a"Nicht normal werden". _bGeburtstag: Durchaus angeregt diskutierte man in der Viadrina zum 30. Gründungstag über sich selbst. Der Staatssekretär platzierte auch eine Kritik / _cNancy Waldmann |
||
| 264 | _c2021 | ||
| 653 | _aFrankfurt (Oder) | ||
| 653 | _aEuropa-Universität Viadrina | ||
| 653 | _a30. Jahrestag der Neugründung | ||
| 773 |
_dFrankfurt (Oder): Märkisches Verlags- und Druckhaus GmbH & Co KG _g32. Jahrgang (2021) Nr. 163 vom 16.07.2021, S.13. : Foto _tMärkische Oderzeitung |
||
| 942 | _cA | ||